Gray and Sons Builders Ltd v Essential Box Comany Ltd (Record no. 78186)
[ view plain ]
| 000 -LEADER | |
|---|---|
| fixed length control field | 01414cab a2200241 4500 |
| 001 - CONTROL NUMBER | |
| control field | L136197 |
| 008 - FIXED-LENGTH DATA ELEMENTS--GENERAL INFORMATION | |
| fixed length control field | 070117n2006 000 0 eng u |
| 035 ## - SYSTEM CONTROL NUMBER | |
| System control number | (Sirsi) u136197 |
| 041 0# - LANGUAGE CODE | |
| Language code of text/sound track or separate title | eng |
| 245 00 - TITLE STATEMENT | |
| Title | Gray and Sons Builders Ltd v Essential Box Comany Ltd |
| 260 ## - PUBLICATION, DISTRIBUTION, ETC. | |
| Date of publication, distribution, etc. | 2006 |
| 520 ## - SUMMARY, ETC. | |
| Summary, etc. | [2006] EWHC 2520 (TCC), 11 October 2006. The Defendant, The Essential Box Company, Engaged the Claimant, Gray & Sons Builders (Bedford) Limited, to demolish and rebuild a unit on an industrial estate. By a decision dated the 26 April 2006 the Adjudicator concluded that the Defendant had wrongfully repudiated that contract. The sum due as a result of these proceedings was not paid and the Claimant commenced enforcement proceedings. "Held": judgment was given to the Claimant for the amount claimed. |
| 590 ## - LOCAL NOTE (RLIN) | |
| Local note | KA |
| 650 24 - SUBJECT ADDED ENTRY--TOPICAL TERM | |
| Topical term or geographic name entry element | GRAY AND SONS BUILDERS V ESSENTIAL BOX COMPANY |
| 650 24 - SUBJECT ADDED ENTRY--TOPICAL TERM | |
| Topical term or geographic name entry element | CARILLION CONSTRUCTION LTD V DEVONPORT ROYAL DOCKYARD LTD |
| 650 24 - SUBJECT ADDED ENTRY--TOPICAL TERM | |
| Topical term or geographic name entry element | WATES CONSTRUCTION LTD V HGP GREENTREE ALLCHURCH EVANS LTD |
| 650 24 - SUBJECT ADDED ENTRY--TOPICAL TERM | |
| Topical term or geographic name entry element | HERSCHEL ENGINEERING LTD V BREEN PROPERTY LTD |
| 650 24 - SUBJECT ADDED ENTRY--TOPICAL TERM | |
| Topical term or geographic name entry element | HOUSING GRANTS, CONSTRUCTION AND REGENERATION ACT 1996 |
| 651 #4 - SUBJECT ADDED ENTRY--GEOGRAPHIC NAME | |
| Geographic name | BEDFORDSHIRE |
| 690 ## - LOCAL SUBJECT ADDED ENTRY--TOPICAL TERM (OCLC, RLIN) | |
| Topical term or geographic name as entry element | BUILT ENVIRONMENT-CONSTRUCTION MANAGEMENT-BUILDING CONTRACT ADMINISTRATION |
| 856 40 - ELECTRONIC LOCATION AND ACCESS | |
| Uniform Resource Identifier | <a href="https://www.bailii.org/ew/cases/EWHC/TCC/2006/2520.html">https://www.bailii.org/ew/cases/EWHC/TCC/2006/2520.html</a> |
| Public note | View the item free of charge at www.bailii.org... |
| 942 ## - ADDED ENTRY ELEMENTS (KOHA) | |
| Suppress in OPAC | 0 |
| Withdrawn status | Lost status | Source of classification or shelving scheme | Damaged status | Not for loan | Home library | Current library | Shelving location | Date acquired | Total Checkouts | Full call number | Barcode | Date last seen | Copy number | Price effective from | Koha item type |
|---|---|---|---|---|---|---|---|---|---|---|---|---|---|---|---|
| Dewey Decimal Classification | Virtual | Virtual | Online | 17/01/2007 | ONLINE PUBLICATION | 136197-2001 | 06/08/2019 | 1 | 06/08/2019 | Law report |